| 000 | 01281nam a2200301 i 4500 | ||
|---|---|---|---|
| 001 | 000034965 | ||
| 003 | DO-SdBNP | ||
| 005 | 20240411074020.0 | ||
| 007 | ta | ||
| 008 | 111024s2006 ck 000 f spa d | ||
| 020 | _a9789580495178 | ||
| 040 |
_aDO-SdBNP _bspa _cBNPHU _erda |
||
| 082 |
_aCo863.44 _bG216d, 2006 _222 |
||
| 100 | 1 |
_aGarcía Márquez, Gabriel, _b1928-2014 _d1928-2014 _eautor _91804 |
|
| 245 | 1 | 0 |
_aDoce cuentos peregrinos / _cGabriel García Márquez. |
| 250 | _a20 a. edición | ||
| 264 |
_aBogotá : _bNorma, _c2006 |
||
| 300 |
_a226 paginas. ; _c22 cm. |
||
| 336 |
_2rdacontent _atexto _btxt |
||
| 337 |
_2rdamedia _asin mediación _bn |
||
| 338 |
_2rdacarrier _avolumen _bnc |
||
| 505 | 0 |
_aPorqué doce, porqué cuentos y porqué peregrinos -- _tBuen viaje, señor presidente -- _tLa santa -- _tEl avión de la bella durmiente. -- _tMe alguilo para soñar -- _tSólo vine a hablar por teléfono -- _tEspantos de agosto -- _tMaría dos Prazeres -- _tDiecisiete ingleses envenenados -- _tTramontana -- _tEl verano feliz de la señora Forbes -- _tLa luz es como el agua -- _tEl rastro de tu sangre en la nieve. |
|
| 590 | _aInventariado, 2023 / DG | ||
| 650 | 0 |
_aCuentos dominicanos _9176 |
|
| 650 | 4 |
_aLiteratura colombiana _91244 |
|
| 910 | _aDG | ||
| 942 |
_2ddc _cLBS1 |
||
| 999 |
_c55554 _d55554 |
||